01538nam a2200241Ia 4500001000600000003000900006008004100015040001300056040001300069041001300082100002400095100002900119245009600148245009000244250001100334260001100345260001600356260004900372300005900421500074600480650003901226650003101265A6558IT-RoPAU130308s9999 xx 000 0 und d aIT-RoPAU cIT-RoPAU aITALIANO aFougeyrollas Pierre gCodice Aut. SPICS: 21813 aConquista dei diritti dell'uomo nell'età dei lumi (La)-Alle radici del pensiero moderno  bComunicazione nella storia (La)-5-Lo Sviluppo del pensiero e le forme del Comunicare a1a ed. aTORINO bSeat - Stet c1993 [1° Ed.:1993 - Ed.Ling.Originale:1993] a"97 p. (prefazione: no ; testo: 97 [pagine: 147-243])" aSecolo dei Lumi: un Nuovo Spirito Europeo. partito Filosofico. Artisti, Studiosi e Scrittori Percorrono L'Europa. Salotti, Caffe' e Club. Comunicazione Pubblica e privata dal 1789 al 1815. da una Cultura del piacere Alla Ricerca della Felicità. Giornali della Rivoluzione e della Controrivoluzione.Cittadinanza Giacobina e cambiamenti nella Comunicazione. ritorno Alla Censura. Vandalismo Rivoluzionario: una rottura nella Comunicazione con Il Passato. istruzione Pubblica ed Educazione Nazionale. mezzi di Comunicazione: Posta e Telegrafo. Sistema Metrico e Uniformazione delle Misure. Dalla Guerra in Guanti Bianchi Alle Conflagrazioni di Massa: Inni e Canzoni. ritmi e Figurazioni della Rivoluzione Francese. per la Libertà di Stampa. aSTORIA DELLA COMUNICAZIONE SOCIALE eCodice materia Spics: 3808